Truyền động - Tự động khí nén
Nội dung của giáo trình bao gồm các vấn đề cơ bản của lý thuyết truyền động - Tự động khí nén, trong đó có các phần động học và nhiệt động lực học của các thiết bị và hệ truyền động, tự động khí nén, các phương pháp tính toán, khả...
Sparad:
| Huvudupphovsman: | |
|---|---|
| Materialtyp: | Bok |
| Språk: | Undetermined |
| Publicerad: |
Hà Nội
Khoa học và Kỹ thuật
2007
|
| Ämnen: | |
| Taggar: |
Lägg till en tagg
Inga taggar, Lägg till första taggen!
|
| Thư viện lưu trữ: | Trung tâm Học liệu Trường Đại học Cần Thơ |
|---|
| LEADER | 01173nam a2200229Ia 4500 | ||
|---|---|---|---|
| 001 | CTU_124348 | ||
| 008 | 210402s9999 xx 000 0 und d | ||
| 020 | |c 27000 | ||
| 082 | |a 621.51 | ||
| 082 | |b Kh108 | ||
| 100 | |a Phạm, Văn Khảo | ||
| 245 | 0 | |a Truyền động - Tự động khí nén | |
| 245 | 0 | |c Phạm Văn Khảo | |
| 260 | |a Hà Nội | ||
| 260 | |b Khoa học và Kỹ thuật | ||
| 260 | |c 2007 | ||
| 520 | |a Nội dung của giáo trình bao gồm các vấn đề cơ bản của lý thuyết truyền động - Tự động khí nén, trong đó có các phần động học và nhiệt động lực học của các thiết bị và hệ truyền động, tự động khí nén, các phương pháp tính toán, khảo sát, thiết kế, thử nghiệm và cả phần tổng hợp hệ điều khiển chúng. | ||
| 526 | |a Truyền động thủy lực và khí nén | ||
| 526 | |b SP319 | ||
| 650 | |a Air-compressors,Air-engines,Compressed air | ||
| 904 | |i Năm | ||
| 980 | |a Trung tâm Học liệu Trường Đại học Cần Thơ | ||